| 000 | 00435nam a2200169Ia 4500 | ||
|---|---|---|---|
| 008 | 230714s9999 xx 000 0 und d | ||
| 020 | _a9780000000000 | ||
| 041 | _aeng | ||
| 082 |
_a004 _bKUL |
||
| 100 | _aKulkarni V. | ||
| 245 | _aTheory Of Computation | ||
| 260 |
_c2013 _bOxford University Press |
||
| 300 | _a529 | ||
| 365 |
_cRs. _b375.00 |
||
| 700 | _aKulkarni V. | ||
| 906 |
_dO:0357913-Dec-2013B:29426-Nov-2013 _cIT _b937.5 |
||
| 999 |
_c209871 _d209871 |
||